MARC

LEADER 00000nam0a2200000 4500
001 26733
005 20231101205740.0
010 |a 5277021469 
035 |a (RuTPU)RU\TPU\book\26977 
035 |a BOOK00027052 
090 |a 26733 
100 |a 20011209d2000 m y0rusy50 ca 
101 0 |a rus 
102 |a RU 
105 |a a j 001zy 
200 1 |a Аэромеханика  |e учебник  |f В. М. Гарбузов [и др.] 
210 |a Москва  |c Транспорт  |d 2000 
215 |a 287 с.  |c ил. 
320 |a Библиогр.: с. 281-282. 
606 |a Аэромеханика  |2 stltpush  |3 (RuTPU)RU\TPU\subj\29930  |9 53151 
610 1 |a физика 
610 1 |a аэродинамика 
610 1 |a летательные аппараты 
610 1 |a крыло 
610 1 |a воздушные винты 
610 1 |a полеты 
610 1 |a безопасность 
610 1 |a экономичность 
610 1 |a самолеты 
610 1 |a учебные пособия 
675 |a 533.6(075.8)  |v 3 
701 1 |a Гарбузов  |b В. М.  |g Владимир Михайлович 
701 1 |a Ермаков  |b А. Л.  |g Александр Леонидович 
701 1 |a Кубланов  |b М. С.  |g Михаил Семенович 
701 1 |a Ципенко  |b В. Г.  |g Владимир Григорьевич 
801 0 |a RU  |b 63413507  |c 20011209  |g PSBO 
801 2 |a RU  |b 63413507  |c 20180306  |g RCR 
942 |c BK